The Compendium of Muslim Civilization / (Record no. 530177)

000 -LEADER
fixed length control field 00353nam a22001337a 4500
003 - CONTROL NUMBER IDENTIFIER
control field NUST
038 ## - RECORD CONTENT LICENSOR
Staff Name waseem
082 ## - DEWEY DECIMAL CLASSIFICATION NUMBER
Classification number 909.91767
Author Mark KHA
100 ## - MAIN ENTRY--PERSONAL NAME
Personal name Khan, Mustayeen Ahmed
9 (RLIN) 22765
245 ## - TITLE STATEMENT
Title The Compendium of Muslim Civilization /
Statement of responsibility, etc. Mustayeen Ahmed Khan
260 ## - PUBLICATION, DISTRIBUTION, ETC.
Place of publication, distribution, etc. Lahore :
Name of publisher, distributor, etc. Ajmal Publications,
Date of publication, distribution, etc. 2015.
300 ## - PHYSICAL DESCRIPTION
Extent 294 p. ;
942 ## - ADDED ENTRY ELEMENTS (KOHA)
Source of classification or shelving scheme
Koha item type Book
Holdings
Withdrawn status Lost status Source of classification or shelving scheme Damaged status Not for loan Permanent Location Current Location Date acquired Source of acquisition Total Checkouts Full call number Barcode Date last seen Price effective from Koha item type
          Central Library (CL) Central Library (CL) 10/13/2019 Donation   909.91767 KHA CL-D-622 10/13/2019 10/13/2019 Book
© 2023 Central Library, National University of Sciences and Technology. All Rights Reserved.